Top 30 : PNL - Statistiques

Statistiques générales
  • Ce quiz a été pris 1 140 fois
  • Le résultat moyen est 18 sur 30
Statistiques - réponses
Top Titres % Correct
2 Au DD
90%
1 Onizuka
87%
8 DA
85%
3 Deux frères
83%
5 Bené
76%
9 Naha
74%
10 Jusqu'au dernier gramme
69%
6 La misère est si belle
69%
15 Le monde ou rien
69%
7 A l'ammoniaque
68%
11 Uranus
64%
12 91's
62%
24 J'suis QLF
61%
13 Blanka
59%
22 Chang
59%
14 Hasta la vista
58%
20 Mexico
58%
4 J’comprends pas
57%
26 Je vis je visser
56%
16 Luz de Luna
56%
23 Dans la légende
54%
27 Bambina
49%
28 Déconnecté
49%
19 Zoulou tchaing
49%
29 Sur Paname
47%
21 Tempête
46%
18 Autre monde
44%
25 Ryuk
42%
30 Shenmue
40%
17 MOWGLI II
24%
Aucun quiz correspondant
Distribution des résultats
% des personnes avec chaque résultat
Percentile par nombre de réponses
Votre historique - résultats
Vous n’avez pas pris ce quiz